Agenda para la gestión ambiental del municipio de Manizales (Registro nro. 8239)
[ vista simple ]
| 000 -CABECERA | |
|---|---|
| Campo de control | 00867nam a2200217 i 4500 |
| 005 - FECHA Y HORA DE LA ULTIMA TRANSACCION | |
| Campo de control | 20160123074732.0 |
| 008 - ELEMENTOS DE LONGITUD FIJA—INFORMACION GENERAL | |
| Campo de control | 140305b2002 ck ||||| |||| 00| 0 spa d |
| 040 ## - FUENTE DE CATALOGACIÓN | |
| Agencia catalogadora original | CO-BoIAVH |
| Agencia transcriptora | CO-BoIAVH |
| 041 ## - IDIOMA | |
| Código de idioma para texto/pista de sonido o título separado | Español |
| 044 ## - PAÍS DE PUBLICACIÓN | |
| País de publicación | Colombia |
| 082 04 - NUMERO DE CLASIFICACION DECIMAL DEWEY | |
| Número de clasificación | 333.72 |
| Número del ítem | C82a |
| 110 1# - ASIENTO PRINCIPAL--NOMBRE CORPORATIVO | |
| Nombre corporativo o de jurisdicción como elemento de entrada | Corporación Autónoma Regional de Caldas CORPOCALDAS |
| 9 (RLIN) | 16002 |
| 245 10 - MENCION DE TITULO | |
| Título | Agenda para la gestión ambiental del municipio de Manizales |
| Mención de responsabilidad | Corporación Autónoma Regional de Caldas CORPOCALDAS |
| 260 ## - PUBLICACION, DISTRIBUCION, ETC. (PIE DE IMPRENTA) | |
| Lugar de publicación, distribución, etc. | Manizales : |
| Nombre del editor, distribuidor, etc. | Corporación Autónoma Regional de Caldas CORPOCALDAS, |
| Fecha de publicación, distribución, etc. | 2002. |
| 300 ## - DESCRIPCION FISICA | |
| Extensión | 232 páginas : |
| Otros detalles físicos | ilustraciones, tablas ymapas; |
| Dimensiones | 29 cm. |
| 650 16 - ASIENTO SECUNDARIO DE MATERIA - TERMINO TEMATICO | |
| Término temático o nombre geográfico como elemento de entrada | Gestión ambiental |
| Subdivisión geográfica | Colombia |
| 9 (RLIN) | 54135 |
| 650 26 - ASIENTO SECUNDARIO DE MATERIA - TERMINO TEMATICO | |
| Término temático o nombre geográfico como elemento de entrada | Protección del medio ambiente |
| Subdivisión geográfica | Colombia |
| 9 (RLIN) | 54136 |
| 650 26 - ASIENTO SECUNDARIO DE MATERIA - TERMINO TEMATICO | |
| Término temático o nombre geográfico como elemento de entrada | Medio ambiente |
| Subdivisión geográfica | Colombia |
| 9 (RLIN) | 54137 |
| 650 26 - ASIENTO SECUNDARIO DE MATERIA - TERMINO TEMATICO | |
| Término temático o nombre geográfico como elemento de entrada | Gestión Ambiental |
| Subdivisión geográfica | Manizales (Colombia) |
| 9 (RLIN) | 54138 |
| 942 ## - ELEMENTOS ADICIONALES (KOHA) | |
| Sistema de clasificación | Dewey Decimal Classification |
| Tipo de ítem | Libro |
| Withdrawn status | Lost status | Sistema de Clasificación | Damaged status | No para préstamo | Colección | Inventariado | Ubicación Permanente | Ubicación actual | Fecha de adquisición | Fuente de Valor | Valor | Total Checkouts | Número topográfico | Inventario / Código de Barras | Date last seen | Ejemplar | Price effective from | Forma de adquisición | Tipo de material |
|---|---|---|---|---|---|---|---|---|---|---|---|---|---|---|---|---|---|---|---|
| Dewey Decimal Classification | General | Inventariado 2017 | Bogotá | Bogotá | 05/03/2014 | Instituto | 15000.00 | LB-333.72 C82a | 034087 | 05/03/2014 | Ej. 1 | 05/03/2014 | Canje | Libro | |||||
| Dewey Decimal Classification | General | Inventariado 2017 | Sala Fabio Quevedo | Sala Fabio Quevedo | 11/07/2007 | Instituto | 15000.00 | LB-333.72 C82a | 014825 | 04/12/2012 | Ej.2 | 04/12/2012 | Libro |